000 00962nam a22002537a 4500
999 _c9886
_d9886
003 AR-CdUCM
008 190328b ||||| |||| 00| 0 spa d
040 _aMUNICIPALIDAD PROVINCIAL DEL CUSCO
_cBIBLIOTECA MUNICIPAL DEL CUSCO
082 _a985.0013 /
_bW55 / 1945
100 _aWiesse, Maria
_98976
245 _aJosé Carlos Mariátegui :
_bEtapas de su vida /
260 _aLima :
_bEdiciones hora del hombre,
_c1945.
300 _a119 paginas ;
_bilustraciones, dibujos,
_c17 cm.
500 _aDonación de la familia Nieto Dedicatoria a Luis Nieto
505 _aContenido: Periodista a los diez y siete años -- primeras inquietudes -- años de europa -- reencuentro con la tierra natal -- el agua lustral -- amauta -- labor...
650 _aLiteratos
_9754
650 _aPerú
_935
650 _aSiglo XX
_98
650 _aHistoria
_9136
700 _aFalcon, Jorge
_921742
700 _aSavogal, Jose
_926406
942 _2ddc
_cLIBROS
945 _apjha